<The> Role of nominal rigidities in Keynesian thought
Saved in:
| Main Author: | |
|---|---|
| Format: | Book Chapter |
| Language: | English |
| Subjects: | |
| Tags: |
No Tags, Be the first to tag this record!
|
MARC
| LEADER | 00000naa$a2200000$$$4500 | ||
|---|---|---|---|
| 001 | 0042459 | ||
| 005 | 20231107114441.0 | ||
| 041 | 0 | |a eng | |
| 044 | |a CZ | ||
| 245 | 1 | 0 | |a <The> Role of nominal rigidities in Keynesian thought |c Izabela Bludnik |
| 610 | 2 | 0 | |a mzdy nominálne |
| 610 | 2 | 0 | |a keynesizmus |
| 610 | 2 | 0 | |a teórie ekonomické |
| 610 | 2 | 0 | |a neokeynesizmus |
| 610 | 2 | 0 | |a myslenie ekonomické |
| 610 | 2 | 0 | |a ceny |
| 610 | 2 | 0 | |a zamestnanosť |
| 100 | 1 | |a Bludnik, Izabela | |